00633pam a2200169 a 4500020001500000040000800015082002700023100002300050245001500073250001200088260012400100300005000224500002000274520014200294650001300436650001400449 a0875185932 cDLC00a597 MAX 1994 A035 Or.1 aGrossman, Susan M.10aPiranhas / a1st ed. aNew York :bDillon Press ;aToronto :bMaxwell Macmillan Canada ;aNew York :bMaxwell Macmillan International,cc1994. a60 p. :bill. (some col.), col. map ;c23 cm. aIncludes index. aDescribes the physical characteristics, habitat, and life cycle of piranhas, and explains that their scary reputation may be exaggerated. 0aPiranhas 1aPiranhas.